| 000 | 00687nam a2200205 4500 | ||
|---|---|---|---|
| 001 | 138708 | ||
| 003 | ES-MaACL | ||
| 005 | 20250828114219.0 | ||
| 007 | t| | ||
| 008 | 070214s1984 sp r ||||1| spa d | ||
| 100 | 1 |
_aSantiuste, Víctor. _9103435 |
|
| 245 | 1 | 0 |
_aDidáctica de la Filosofía _b: teoría, métodos, prógramas, evaluación / _cVíctor Santiuste, Francisco Gómez de Velasco. |
| 260 |
_aMadrid : _bNarcea, _c1984. |
||
| 300 |
_a190 p. ; _c22 cm. |
||
| 490 | 1 | _aEducación hoy | |
| 700 | 1 |
_aGómez de Velasco, Francisco. _957926 |
|
| 830 | 0 | 0 |
_aColección educación hoy (Narcea) _9220320 |
| 852 |
_aES-MaACL _jL-11044 _bR.112779 |
||
| 999 |
_c138708 _d138708 |
||